000 00566nam a22001817a 4500
005 20260318123442.0
008 260318b |||||||| |||| 00| 0 eng d
020 _a9783790813814
_c10489.95
040 _aMAIN
041 _aJapanese
082 _a337.520952
_bCAN
100 _aHolzhausen, Arne (ed)
_926524
245 _aCan Japan Globalize
_b: Studies on Japan's Changing Political Economy and the Proses of Globalization in Honour of Sung jo Park
260 _aNew York
_bPhysica Verlag
_c2001
300 _a468
650 _aJapanese Language
942 _cBK
999 _c60548
_d60548